Mathematical Theory of Elasticity (Record no. 327672)

000 -LEADER
fixed length control field 00301 a2200121 4500
001 - CONTROL NUMBER
control field 92599
082 ## - DEWEY DECIMAL CLASSIFICATION NUMBER
Classification number 620.112232/SOK
090 ## - LOCALLY ASSIGNED LC-TYPE CALL NUMBER (OCLC); LOCAL CALL NUMBER (RLIN)
-- 44521
-- 44522
100 ## - MAIN ENTRY--PERSONAL NAME
Personal name I.S.Sokolnikoff
245 ## - TITLE STATEMENT
Title Mathematical Theory of Elasticity
260 ## - PUBLICATION, DISTRIBUTION, ETC.
Place of publication, distribution, etc. New york
Name of publisher, distributor, etc. Mc Graw Hill
Date of publication, distribution, etc. 1946
300 ## - PHYSICAL DESCRIPTION
Extent xi,373p.
942 ## - ADDED ENTRY ELEMENTS (KOHA)
Institution code [OBSOLETE] CAE NUST
Koha item type
Call number prefix 620.112232/SOK
Holdings
Withdrawn status Lost status Damaged status Not for loan Collection code Permanent Location Current Location Date acquired Total Checkouts Full call number Barcode Date last seen Price effective from Koha item type
          College of Aeronautical Engineering (CAE) College of Aeronautical Engineering (CAE) 04/03/2017   620.112232/SOK CAE88832 04/05/2017 04/05/2017 Book
          College of Aeronautical Engineering (CAE) College of Aeronautical Engineering (CAE) 04/03/2017   620.112232/SOK CAE88835 04/05/2017 04/05/2017 Book
          College of Aeronautical Engineering (CAE) College of Aeronautical Engineering (CAE) 04/03/2017   620.112232/SOK CAE88834 04/05/2017 04/05/2017 Book
          College of Aeronautical Engineering (CAE) College of Aeronautical Engineering (CAE) 04/03/2017   620.112232/SOK CAE88833 04/05/2017 04/05/2017 Book
© 2023 Central Library, National University of Sciences and Technology. All Rights Reserved.